[Event "Elista Spring Rating"]
[Site "Elista"]
[Date "2015.12.03"]
[Round "8"]
[White "Divakov, Oleg1111"]
[Black "Achinova, Giliana"]
[Result "1-0"]
[WhiteElo "2199"]
[BlackElo "1954"]
[PlyCount "93"]
[EventDate "2014.03.26"]
[EventType "swiss"]
[EventRounds "9"]
[EventCountry "RUS"]
[SourceTitle "EXT 2022"]
[Source "ChessBase"]
[SourceDate "2021.10.06"]
[SourceVersion "1"]
[SourceVersionDate "2021.10.06"]
[SourceQuality "1"]

1. e4 d6 2. d4 Nf6 3. Nc3 g6 4. Nf3 Bg7 5. Bg5 h6 6. Bf4 g5 7. Be3 Nbd7 8. e5 dxe5 9. dxe5 Nh7 10. e6 fxe6 11. Nd4 Ndf6 12. Bc4 Nf8 13. 0-0 c6 14. Qe2 e5 15. Nf3 Qc7 16. Bc5 N6d7 17. Ba3 Nb6 18. Bb3 Bf5 19. Rad1 Nfd7 20. Ne4 c5 21. Nh4 Bxe4 22. Qxe4 0-0-0 23. Ng6 Bf6 24. Nxh8 Rxh8 25. Be6 Kb8 26. b4 c4 27. Bc1 Nf8 28. Bf7 e6 29. Bh5 Nd5 30. Qf3 Qg7 31. Rxd5 exd5 32. Qxd5 Qc7 33. Rd1 Nh7 34. Qe4 Rd8 35. Rd5 Be7 36. Rxd8+ Bxd8 37. Bf3 Nf6 38. Qe2 b5 39. Bb2 Nd7 40. Qe4 Qb6 41. Qd5 Kc7 42. g3 Bf6 43. Be4 Be7 44. a3 Bd6 45. Qf7 a5 46. bxa5 Qxa5 47. Bf5 1-0

[Event "Astrakhan op"]
[Site "Astrakhan"]
[Date "2013.08.22"]
[Round "9"]
[White "Achinova, Giliana"]
[Black "Murzaliev, Baurzhan"]
[Result "1-0"]
[WhiteElo "1951"]
[BlackElo "1826"]
[PlyCount "95"]
[EventDate "2013.08.14"]
[EventType "swiss"]
[EventRounds "9"]
[EventCountry "RUS"]
[SourceTitle "CBM 156 Extra"]
[Source "ChessBase"]
[SourceDate "2013.10.22"]
[SourceVersion "1"]
[SourceVersionDate "2013.10.22"]
[SourceQuality "1"]

1. e4 c5 2. Nc3 Nc6 3. g3 d6 4. Bg2 e5 5. Nge2 f5 6. d3 Nf6 7. 0-0 Be7 8. exf5 Bxf5 9. f4 Bg4 10. h3 Bxe2 11. Nxe2 0-0 12. g4 h6 13. Ng3 Nd7 14. Nf5 Rb8 15. c3 g6 16. Nxe7+ Qxe7 17. fxe5 Rxf1+ 18. Qxf1 Rf8 19. Qe2 g5 20. e6 Re8 21. Bd2 Nf6 22. Re1 Nd8 23. d4 cxd4 24. cxd4 Qxe6 25. Qxe6+ Rxe6 26. Rxe6 Nxe6 27. Bxb7 Nxd4 28. Be3 Ne2+ 29. Kf2 Nf4 30. Bxf4 gxf4 31. Kf3 Kf7 32. Kxf4 Ke6 33. Bc8+ Kf7 34. Kf5 h5 35. g5 Ne8 36. Be6+ Kg7 37. h4 Nc7 38. Bc4 d5 39. Be2 d4 40. Ke5 Kg6 41. Bd3+ Kg7 42. b4 Kf7 43. Kxd4 Ke6 44. Be2 Kf5 45. Bxh5 Ne6+ 46. Kc4 Nf4 47. Be8 Ng2 48. g6 1-0

[Event "Astrakhan op"]
[Site "Astrakhan"]
[Date "2013.08.16"]
[Round "3"]
[White "Achinova, Giliana"]
[Black "Shapar, Tatiana"]
[Result "1-0"]
[WhiteElo "1951"]
[BlackElo "1836"]
[PlyCount "107"]
[EventDate "2013.08.14"]
[EventType "swiss"]
[EventRounds "9"]
[EventCountry "RUS"]
[SourceTitle "CBM 156 Extra"]
[Source "ChessBase"]
[SourceDate "2013.10.22"]
[SourceVersion "1"]
[SourceVersionDate "2013.10.22"]
[SourceQuality "1"]

1. e4 d5 2. exd5 Nf6 3. d4 Bg4 4. Be2 Bxe2 5. Nxe2 Qxd5 6. 0-0 Nc6 7. Nbc3 Qh5 8. Ng3 Qg6 9. Nce2 h5 10. Nf4 Qh7 11. Nge2 Nb4 12. Bd2 e6 13. c4 c6 14. Bxb4 Bxb4 15. d5 Qe4 16. dxe6 Qxc4 17. exf7+ Qxf7 18. Qd4 Be7 19. Qe5 0-0-0 20. Rad1 Ng4 21. Qe6+ Qxe6 22. Nxe6 Rxd1 23. Rxd1 Bf6 24. h3 Ne5 25. f4 Nc4 26. b3 Ne3 27. Rd3 Nd5 28. f5 h4 29. N2f4 Ne7 30. Ng6 Nxg6 31. fxg6 Re8 32. Nf4 Re5 33. Kf2 Rg5 34. a4 b6 35. Rf3 Bd4+ 36. Ke2 Be5 37. Kf1 Rf5 38. Nd3 Rxf3+ 39. gxf3 Bd4 40. f4 Kd7 41. f5 Ke7 42. Nb4 Kd6 43. Ke2 a5 44. Nd3 b5 45. Kf3 bxa4 46. bxa4 c5 47. Ke4 Bf6 48. Nc1 c4 49. Ne2 Kc5 50. Ke3 Kb4 51. Kd2 Kxa4 52. Kc2 Kb4 53. Nf4 Kc5 54. Nh5 1-0

[Event "South FR-ch U18 Girls"]
[Site "Loo"]
[Date "2011.11.03"]
[Round "2"]
[White "Chernykh, Yana"]
[Black "Achinova, Giliana"]
[Result "0-1"]
[WhiteElo "1743"]
[BlackElo "1995"]
[PlyCount "102"]
[EventDate "2011.11.02"]
[EventType "tourn"]
[EventRounds "9"]
[EventCountry "RUS"]
[SourceTitle "EXT 2023"]
[Source "ChessBase"]
[SourceDate "2022.10.05"]
[SourceVersion "1"]
[SourceVersionDate "2022.10.05"]
[SourceQuality "1"]

1. e4 d6 2. d4 Nf6 3. Bd3 g6 4. Nf3 Bg7 5. c3 0-0 6. 0-0 Nbd7 7. Qe2 e5 8. dxe5 dxe5 9. Rd1 c6 10. Bg5 Qc7 11. Nbd2 h6 12. Bh4 Nh5 13. Bg3 Nxg3 14. hxg3 Nc5 15. Bc2 Bd7 16. Nb3 Ne6 17. a4 Rad8 18. Nbd2 b5 19. axb5 cxb5 20. Qe3 a5 21. Ne1 Ra8 22. Bb3 Rfd8 23. Bd5 Rab8 24. b3 Bf8 25. c4 b4 26. Ndf3 Kh7 27. Nd3 f6 28. Ra2 a4 29. Bxe6 Bxe6 30. Rxa4 Rd7 31. Rda1 Rb7 32. Nfe1 h5 33. Ra6 Rd6 34. Ra7 Rdb6 35. Rxb7 Qxb7 36. Nc2 Bh6 37. Qc5 Bd2 38. Qf8 Bc8 39. Nc5 Qc7 40. Ra8 Rc6 41. Nd3 Qb7 42. Ra5 Rb6 43. Rd5 Bh6 44. Qe8 Re6 45. Qd8 Bg7 46. Nc5 Qc6 47. Nxe6 Qxe6 48. Nxb4 Bb7 49. Rd6 Qg4 50. Rd7 Qxe4 51. Qxf6 Qxg2# 0-1

[Event "Astrakhan op"]
[Site "Astrakhan"]
[Date "2011.08.23"]
[Round "7.7"]
[White "Achinova, Giliana"]
[Black "Akhmedzhanov, Kamil"]
[Result "0-1"]
[WhiteElo "1970"]
[BlackElo "2292"]
[PlyCount "86"]
[EventDate "2011.08.17"]
[EventType "swiss"]
[EventRounds "9"]
[EventCountry "RUS"]
[SourceTitle "EXT 2022"]
[Source "ChessBase"]
[SourceDate "2021.10.06"]
[SourceVersion "1"]
[SourceVersionDate "2021.10.06"]
[SourceQuality "1"]

1. e4 c5 2. Nc3 Nc6 3. g3 g6 4. Bg2 Bg7 5. Nge2 d6 6. d3 e6 7. 0-0 Nge7 8. Be3 Nd4 9. Bf4 0-0 10. Rb1 Nec6 11. Nxd4 cxd4 12. Ne2 e5 13. Bd2 Be6 14. a3 d5 15. b4 b5 16. f4 dxe4 17. Bxe4 Rc8 18. Rc1 Qd7 19. fxe5 Nxe5 20. Nf4 Bg4 21. Qe1 g5 22. Ne2 f5 23. Bg2 Rce8 24. Rf2 h6 25. Qf1 Re7 26. Re1 Bh5 27. h3 Rfe8 28. Nc1 Rf8 29. Nb3 Qd6 30. Nc5 Bg6 31. Kh1 Nc6 32. Rxe7 Nxe7 33. Re2 Bf7 34. Qf2 Be5 35. Nb7 Qc7 36. Qe1 Ng6 37. Qf1 f4 38. gxf4 Bxf4 39. Be1 Be3 40. Qf5 Nf4 41. Rxe3 dxe3 42. Be4 Be6 43. Qxb5 Qxc2 0-1

[Event "Astrakhan op"]
[Site "Astrakhan"]
[Date "2011.08.19"]
[Round "3.2"]
[White "Semyonov, Konstantin"]
[Black "Achinova, Giliana"]
[Result "1/2-1/2"]
[WhiteElo "2311"]
[BlackElo "1970"]
[PlyCount "86"]
[EventDate "2011.08.17"]
[EventType "swiss"]
[EventRounds "9"]
[EventCountry "RUS"]
[SourceTitle "EXT 2022"]
[Source "ChessBase"]
[SourceDate "2021.10.06"]
[SourceVersion "1"]
[SourceVersionDate "2021.10.06"]
[SourceQuality "1"]

1. d4 Nf6 2. c4 g6 3. Nc3 Bg7 4. e4 d6 5. Be2 0-0 6. Bg5 h6 7. Be3 Nbd7 8. Qd2 Kh7 9. h3 e5 10. d5 Nc5 11. Qc2 a5 12. Nf3 Nh5 13. g4 Nf4 14. 0-0-0 Bd7 15. b3 Qb8 16. Bf1 Qa7 17. a4 Qb6 18. Nb5 Rad8 19. Nd2 Be8 20. Nc3 Qb4 21. Na2 Qb6 22. Nc3 Qb4 23. Na2 Qb6 24. Qc3 c6 25. Kc2 Qc7 26. Rb1 Rc8 27. Kd1 Bd7 28. Rc1 Qd8 29. Qa1 Qh4 30. Bxc5 dxc5 31. f3 h5 32. Kc2 hxg4 33. fxg4 Bxg4 34. Qc3 b6 35. Qe3 Bh5 36. Rg1 Bh6 37. Qg3 Qxg3 38. Rxg3 f5 39. Nc3 Rfd8 40. Re1 fxe4 41. Ndxe4 cxd5 42. cxd5 Bg7 43. Ng5+ Kg8 1/2-1/2

[Event "Moscow op-F (Women)"]
[Site "Moscow"]
[Date "2011.01.29"]
[Round "1"]
[White "Severiukhina, Zoja"]
[Black "Achinova, Giliana"]
[Result "1-0"]
[WhiteElo "2312"]
[BlackElo "1936"]
[PlyCount "47"]
[EventDate "2011.01.29"]
[EventType "swiss"]
[EventRounds "9"]
[EventCountry "RUS"]
[SourceTitle "CBM 140 Extra"]
[Source "ChessBase"]
[SourceDate "2011.03.01"]
[SourceVersion "1"]
[SourceVersionDate "2011.03.01"]
[SourceQuality "1"]

1. e4 d6 2. d4 Nf6 3. Nc3 g6 4. f4 Bg7 5. Nf3 0-0 6. Bd3 Nbd7 7. 0-0 c5 8. d5 a6 9. a4 b6 10. Qe2 Nb8 11. e5 dxe5 12. fxe5 Ne8 13. Ng5 Nc7 14. Bc4 h6 15. Nxf7 Rxf7 16. d6 Ne6 17. Rxf7 Ra7 18. Rxe7 Rxe7 19. dxe7 Qxe7 20. Nd5 Qd8 21. Nf4 Kf7 22. c3 b5 23. axb5 axb5 24. Ra7+ 1-0

[Event "Elista-ch 8th"]
[Site "Elista"]
[Date "2010.07.05"]
[Round "5"]
[White "Achinova, Giliana"]
[Black "Olenina, Aysa"]
[Result "0-1"]
[WhiteElo "1881"]
[BlackElo "2039"]
[PlyCount "72"]
[EventDate "2010.07.01"]
[EventType "tourn"]
[EventRounds "11"]
[EventCountry "RUS"]
[SourceTitle "EXT 2022"]
[Source "ChessBase"]
[SourceDate "2021.10.06"]
[SourceVersion "1"]
[SourceVersionDate "2021.10.06"]
[SourceQuality "1"]

1. e4 e5 2. Nf3 Nc6 3. Bb5 a6 4. Ba4 Nf6 5. 0-0 Be7 6. Re1 b5 7. Bb3 d6 8. c3 0-0 9. d4 Bg4 10. Be3 Na5 11. Bc2 Nc4 12. Bc1 Nd7 13. h3 Bxf3 14. Qxf3 c5 15. b3 Ncb6 16. d5 a5 17. Nd2 Bg5 18. Bd3 b4 19. Bb5 Bf4 20. a4 f5 21. cxb4 cxb4 22. exf5 Rxf5 23. Qe4 Qf8 24. Nf3 Nc5 25. Qc2 Rc8 26. Bc6 Bxc1 27. Raxc1 e4 28. Nd4 Re5 29. Re3 Nd3 30. Rxd3 exd3 31. Qxd3 Qf4 32. Rf1 Nxd5 33. Qc4 Kh8 34. Qa6 Rf8 35. Qd3 Nc3 36. Bd7 Qxd4 0-1

[Event "Elista-ch 8th"]
[Site "Elista"]
[Date "2010.07.04"]
[Round "4"]
[White "Utnasanov, Adyan"]
[Black "Achinova, Giliana"]
[Result "1/2-1/2"]
[WhiteElo "1983"]
[BlackElo "1881"]
[PlyCount "162"]
[EventDate "2010.07.01"]
[EventType "tourn"]
[EventRounds "11"]
[EventCountry "RUS"]
[SourceTitle "EXT 2022"]
[Source "ChessBase"]
[SourceDate "2021.10.06"]
[SourceVersion "1"]
[SourceVersionDate "2021.10.06"]
[SourceQuality "1"]

1. d4 d5 2. Nf3 Nf6 3. Bf4 e6 4. e3 Bd6 5. Bg3 0-0 6. c4 dxc4 7. Bxc4 Nc6 8. 0-0 Bxg3 9. hxg3 Ng4 10. Nc3 Qf6 11. Nd2 e5 12. d5 Qh6 13. Nf3 Ne7 14. e4 Kh8 15. Qd2 Qxd2 16. Nxd2 a6 17. Rac1 f5 18. Bb3 Nf6 19. Rfe1 fxe4 20. Ndxe4 Ne8 21. Ng5 Ng6 22. Nce4 h6 23. Nf3 Bg4 24. Nfd2 Rc8 25. Nc5 Nd6 26. f3 b6 27. Nxa6 Bd7 28. Nxc7 Nf5 29. Ne6 Bxe6 30. dxe6 Nxg3 31. Rxc8 Rxc8 32. Nc4 b5 33. Nd6 Rc5 34. Nf7+ Kh7 35. Nxe5 Ne7 36. Nd3 Rc6 37. Kf2 Ngf5 38. Nb4 Rd6 39. Bc2 g6 40. Bd3 Nd4 41. a3 Kg7 42. Re5 Kf6 43. Re4 Nxe6 44. Bxb5 Nc5 45. Re2 Nf5 46. Bc4 Rd4 47. b3 Nd6 48. Nc2 Rd1 49. Ne3 Ra1 50. a4 Nxc4 51. bxc4 Rxa4 52. Rd2 Nb3 53. Rd6+ Kf7 54. Rc6 Ra2+ 55. Kg3 Re2 56. Nd5 Nd4 57. Rc7+ Kf8 58. Nf4 Nf5+ 59. Kh3 Re1 60. Nxg6+ Kg8 61. g4 Nd4 62. Kg3 Re3 63. Nh4 Rc3 64. Rc8+ Kf7 65. Kf4 Ne6+ 66. Ke4 Ng5+ 67. Kf5 Nxf3 68. Nxf3 Rxf3+ 69. Ke5 Re3+ 70. Kf4 Rc3 71. c5 Kg6 72. c6 Rc4+ 73. Kf3 Rc3+ 74. Ke2 Rc4 75. c7 Kg7 76. Kf3 Rc3+ 77. Kf4 Rc4+ 78. Kg3 Rc3+ 79. Kf4 Rc4+ 80. Kf5 Rc3 81. Ke5 Rc1 1/2-1/2

[Event "Elista-ch 8th"]
[Site "Elista"]
[Date "2010.07.02"]
[Round "2"]
[White "Chub, Alexey"]
[Black "Achinova, Giliana"]
[Result "1-0"]
[WhiteElo "2080"]
[BlackElo "1881"]
[PlyCount "105"]
[EventDate "2010.07.01"]
[EventType "tourn"]
[EventRounds "11"]
[EventCountry "RUS"]
[SourceTitle "EXT 2022"]
[Source "ChessBase"]
[SourceDate "2021.10.06"]
[SourceVersion "1"]
[SourceVersionDate "2021.10.06"]
[SourceQuality "1"]

1. d4 d5 2. c4 c6 3. Nc3 Nf6 4. Nf3 e6 5. Bg5 Be7 6. e3 Nbd7 7. Rc1 dxc4 8. Bxc4 Nd5 9. Bxe7 Qxe7 10. 0-0 0-0 11. Qd2 N5b6 12. Bb3 e5 13. d5 cxd5 14. Nxd5 Nxd5 15. Qxd5 e4 16. Nd4 Nf6 17. Qc5 Qd7 18. Rfd1 Qg4 19. Qe7 Qg6 20. Qe5 Bg4 21. Rd2 Rae8 22. Qg3 Nh5 23. Qh4 Kh8 24. h3 Bc8 25. g4 Nf6 26. Rc5 Nd7 27. Rh5 Ne5 28. Kh1 f5 29. gxf5 Bxf5 30. Rd1 Nd3 31. Rg1 Nxf2+ 32. Kh2 Qd6+ 33. Rg3 Bg6 34. Qg5 Rf6 35. Rxh7+ Kxh7 36. Qh4+ Bh5 37. Qxh5+ Rh6 38. Qf5+ Kh8 39. Qxf2 Rf8 40. Qe2 Rff6 41. Kg2 Rfg6 42. Nf5 Rxg3+ 43. Nxg3 Qd7 44. Qg4 Qxg4 45. hxg4 Rg6 46. Nxe4 Rxg4+ 47. Kf3 Rg1 48. Nd6 b6 49. e4 Rb1 50. e5 Rf1+ 51. Ke2 Rh1 52. e6 Rh5 53. Nf7+ 1-0